| 000 | 00555nam a2200229 a 4500 | ||
|---|---|---|---|
| 001 | 0001-1415 | ||
| 003 | ELIB.Books | ||
| 008 | 160805 2010 eng | ||
| 020 | _aKBTS | ||
| 035 | _a(ELIB.Books)0001-1570 | ||
| 092 |
_a242 _bSan |
||
| 100 | _aSanna, Ellyn. | ||
| 245 | _aThe Language of the Heart | ||
| 260 |
_aUhrichsville _bBarbour Publishing _c1999 |
||
| 300 |
_a40 _c16.5 Cm |
||
| 650 | _aDevotional | ||
| 856 |
_nKBTS Library _uKBTS: ELIB |
||
| 942 |
_2ddc _cBK |
||
| 990 | _a1 | ||
| 998 |
_cbat _e2016-08-05 |
||
| 999 |
_c11415 _d11415 |
||